Subnautica Biomes - Statistics

General Stats
  • This quiz has been taken 679 times
  • The average score is 11 of 21
Answer Stats
Answer % Correct
Safe Shallows
88%
Lost River
83%
Kelp Forest
74%
Crash Zone
69%
Dunes
68%
Grand Reef
68%
Mountains
64%
Inactive Lava Zone
63%
Mushroom Forest
62%
Blood Kelp Zone
57%
Grassy Plateaus
52%
Active Lava Zone
50%
Sparse Reef
45%
Crag Field
44%
Sea Treaders Path
41%
Underwater Islands
38%
Deep Grand Reef
35%
Jellyshroom Caves
33%
Koosh Zone
28%
Dead Zone
24%
DLC Arctic
13%
No matching quizzes found
Score Distribution
Percent of People with Each Score
Percentile by Number Answered
Your Score History
You have not taken this quiz